Pist︠s︡ovye materialy dvort︠s︡ovykh vladeniĭ vtoroĭ poloviny XVI veka /

Saved in:
Bibliographic Details
Corporate Author: Institut rossiĭskoĭ istorii (Rossiĭskai︠a︡ akademii︠a︡ nauk)
Other Authors: Sakharov, Andreĭ Nikolaevich., Gorskai︠a︡, N. A., Kolycheva, E. I., Voskoboĭnikova, N. P.
Format: Book
Language:Russian
Published: Moskva : IRI RAN, 1997.
Subjects:
Tags: Add Tag
No Tags, Be the first to tag this record!
LEADER 01287cam a2200289Ia 4500
001 007797757-2
005 20020606104010.5
008 980529s1997 ru b 001 0 rusod
020 |a 5201005780 
035 0 |a ocm39198783 
040 |a OSU  |c OSU  |d GZM  |d HLS 
043 |a e-ur--- 
050 0 0 |a HD719.K39  |b P57 1997 
090 |a HD719.R88  |b P57 1997 
245 0 0 |a Pist︠s︡ovye materialy dvort︠s︡ovykh vladeniĭ vtoroĭ poloviny XVI veka /  |c [redakt︠s︡ionnyĭ sovet ... , A.N. Sakharov (glavnyĭ redaktor) ... [et al.]; Otvetstvennyĭ redaktor N.A. Gorskai︠a︡; Sostaviteli E.I. Kolycheva, N.P. Voskoboĭnikova]. 
260 |a Moskva :  |b IRI RAN,  |c 1997. 
300 |a 308 p. ;  |c 20 cm. 
500 |a At head of title: Rossiĭskai︠a︡ akademii︠a︡ nauk. Institut rossiĭskoĭ istorii. 
504 |a Includes bibliographical references and index. 
650 0 |a Land tenure  |z Russia  |x History  |y 16th century  |x Sources. 
700 1 |a Sakharov, Andreĭ Nikolaevich. 
710 2 |a Institut rossiĭskoĭ istorii (Rossiĭskai︠a︡ akademii︠a︡ nauk) 
700 1 |a Gorskai︠a︡, N. A.  |q (Natalʹi︠a︡ Aleksandrovna) 
700 1 |a Kolycheva, E. I.  |q (Evgenii︠a︡ Ivanovna) 
700 1 |a Voskoboĭnikova, N. P.  |q (Natalʹi︠a︡ Petrovna) 
988 |a 20020608 
906 |0 OCLC